| 000 | 03979 a2200289 4500 | ||
|---|---|---|---|
| 008 | 260325b mx ||||| |||| 00| 0 spa d | ||
| 020 | _a0471569062 | ||
| 040 |
_aITMILPAALATA _bspa _cTecNM |
||
| 050 | 0 | 0 | _aQA76.9 .C55 W55 1993 |
| 100 | _aW.H. Inmon | ||
| 245 |
_aDeveloping Client/Server Applications / _cW.H. Inmon. |
||
| 260 |
_bWiley-QED, _aEstados Unidos: _c1993. |
||
| 300 |
_a217 Páginas _bcontiene diagramas, ilustraciones. _c24 cm. |
||
| 504 | _aWilliam H. Inmon (conocido comúnmente en la industria como Bill Inmon) es un informático estadounidense de gran renombre, mundialmente reconocido como el "padre del Data Warehouse" (Almacén de Datos). Nacido en 1945, se graduó en la Universidad de Yale y obtuvo un máster en ciencias de la computación en la Universidad Estatal de Nuevo México. A lo largo de su carrera, ha publicado decenas de libros que han definido las arquitecturas de bases de datos modernas y la integración de sistemas de información corporativos. Inmon no es solo un académico, sino un pionero práctico cuyas ideas sentaron las bases metodológicas para el mundo moderno de la Inteligencia de Negocios (Business Intelligence), ayudando a las empresas a entender cómo estructurar, almacenar y analizar sus volúmenes masivos de información. | ||
| 505 | _aFundamentos de la computación distribuida: Análisis de las arquitecturas donde el "cliente" solicita un servicio y el "servidor" lo provee. Procesamiento de datos: Diferencias estructurales entre el procesamiento puramente operativo (transacciones diarias) y el procesamiento de soporte de decisiones (análisis de datos históricos). Gestión de la información: El control de las actualizaciones de datos y el debate entre ser propietario de los datos (ownership) frente a ser el administrador o custodio de los mismos (stewardship). Estrategias de desarrollo: Comparativa entre el desarrollo aplicación-por-aplicación versus la integración global, así como las diferencias entre el desarrollo impulsado por los requisitos técnicos frente al impulsado por los datos en sí. El papel de los Metadatos: Cómo gestionar "los datos sobre los datos" para mantener el orden en entornos de red descentralizados. Resolución de cuellos de botella: Consideraciones técnicas y de infraestructura sobre problemas de rendimiento (performance issues). | ||
| 520 | _aDeveloping Client/Server Applications es un libro de referencia histórico que se publicó justo cuando el mundo empresarial enfrentaba un cambio de paradigma gigante: abandonar los sistemas informáticos monolíticos centrados en los viejos y gigantescos mainframes, para migrar hacia redes de computación distribuida (la emergente arquitectura cliente/servidor). En lugar de ser un simple manual de código, Inmon aborda el problema desde una perspectiva arquitectónica. El libro explica a los directores de IT y desarrolladores cómo planificar y construir aplicaciones donde la carga de trabajo se divide de forma inteligente. Enseña a separar la interfaz gráfica y la lógica interactiva (que se ejecuta en la PC del "cliente") del almacenamiento de bases de datos pesadas (que se mantiene en el "servidor"). La gran aportación de esta obra es que alerta a los desarrolladores sobre el caos que puede generar la descentralización si no hay reglas estrictas sobre quién controla la integridad de los datos, preparando así el terreno conceptual para la posterior explosión de los Data Warehouses empresariales que el mismo Inmon lideraría. | ||
| 526 | _aIngenieria en Sistemas Computacionales | ||
| 526 | _aIngenieria en Gestion Empresarial | ||
| 526 | _aIngeniería Bioquímica | ||
| 526 | _aIngenieria en Industrias Alimentarias | ||
| 650 | _aDesarrollo de software | ||
| 942 |
_cLIB _2ddc _ePRIMERA EDICIION _n0 |
||
| 945 |
_a1262 _bJosé Antonio Albarrán Galván _c1262 _dJosé Antonio Albarrán Galván |
||
| 999 |
_c10725 _d10725 |
||